000 00412nam a2200181Ia 4500
001 9410
005 20260306161716.0
008 260306t2008||||xx |||||||||||||| ||spa||
041 _aESP
082 _a378.85
_bB94 2008
100 _aBurga, Manuel
_eAUT
245 0 _aLa reforma silenciosa
260 _c2008
300 _a158 páginas :
_ccm.
650 _aGEN
654 _aCED
942 _cLIB
_dJUS
_fJUS
_2ddc
_n
999 _c9410
_d9410